Why do companies rent green? (Record no. 110286)

MARC details
000 -LEADER
fixed length control field 01358cad a22002655a 4500
001 - CONTROL NUMBER
control field L148917
008 - FIXED-LENGTH DATA ELEMENTS--GENERAL INFORMATION
fixed length control field 091020s2009 xxk f 000 0 eng d
035 ## - SYSTEM CONTROL NUMBER
System control number (Sirsi) u148917
041 0# - LANGUAGE CODE
Language code of text/sound track or separate title eng
050 04 - LIBRARY OF CONGRESS CALL NUMBER
Classification number 333.72 $1 8
100 1# - MAIN ENTRY--PERSONAL NAME
Personal name Eichholtz, Piet
245 00 - TITLE STATEMENT
Title Why do companies rent green?
Remainder of title real property and corporate social responsibility
Medium [electronic resource]
260 ## - PUBLICATION, DISTRIBUTION, ETC.
Place of publication, distribution, etc. London
Name of publisher, distributor, etc. RICS
Date of publication, distribution, etc. 2009
490 #0 - SERIES STATEMENT
Series statement RICS Research
Volume/sequential designation November 2009
505 2# - FORMATTED CONTENTS NOTE
Formatted contents note Part A, summary -- Part B, technical paper: introduction; corporate social responsibility and investment; data and methods; statistical analysis and empirical results; conclusions -- References -- Appendices
520 ## - SUMMARY, ETC.
Summary, etc. Researches the type of companies who occupy office space in green buildings in the USA. Suggests that these companies usually rent green because of: direct and indirect economic benefits; risk avoidance; and ethical behaviour (see also E147093). Tables.
521 ## - TARGET AUDIENCE NOTE
Target audience note Advanced
590 ## - LOCAL NOTE (RLIN)
Local note KA
651 #4 - SUBJECT ADDED ENTRY--GEOGRAPHIC NAME
Geographic name England and Wales
Chronological subdivision 1543-
690 ## - LOCAL SUBJECT ADDED ENTRY--TOPICAL TERM (OCLC, RLIN)
Topical term or geographic name as entry element ENVIRONMENTAL AND LAND CONSULTANCY-ENERGY-ENERGY USE-ENERGY EFFICIENCY
700 1# - ADDED ENTRY--PERSONAL NAME
Personal name Kok, Niels
700 1# - ADDED ENTRY--PERSONAL NAME
Personal name Quigley, John M.
856 40 - ELECTRONIC LOCATION AND ACCESS
Uniform Resource Identifier <a href="https://www.rics.org/en/jaduimportroot/jadudownloads/Recent-Research_/Why-do-companies-rent-green_5071/">https://www.rics.org/en/jaduimportroot/jadudownloads/Recent-Research_/Why-do-companies-rent-green_5071/</a>
Public note View the research free of charge at www.rics.org...
942 ## - ADDED ENTRY ELEMENTS (KOHA)
Suppress in OPAC 0
Holdings
Withdrawn status Lost status Source of classification or shelving scheme Damaged status Not for loan Home library Current library Shelving location Date acquired Total Checkouts Full call number Barcode Date last seen Copy number Price effective from Koha item type
    Dewey Decimal Classification     Virtual Virtual Online 30/11/2009   ONLINE PUBLICATION 148917-2001 06/08/2019 1 06/08/2019 Book